Quinho e o seu cãozinho (Record no. 194914)

MARC details
000 -LÍDER
campo de controle de tamanho fixo 00312 a2200145 4500
001 - NÚMERO DE CONTROLE
campo de controle 194914
040 ## - FONTE DA CATALOGAÇÃO
Instituição que transcreveu o registro Magnum
100 ## - ENTRADA PRINCIPAL--NOME PESSOAL
Nome pessoal SOUZA, Laé de
240 10 - TÍTULO UNIFORME
Título uniforme Quinho e o seu cãozinho
Idioma da obra por
245 10 - TÍTULO
Título Quinho e o seu cãozinho
300 ## - DESCRIÇÃO FÍSICA
Extensão 36
362 0# - DATAS DE PUBLICAÇÃO E/OU DESIGNAÇÃO SEQUENCIAL
Datas de publicação e/ou designação sequencial 2017
697 ## - ENTRADA DE ASSUNTO LOCAL--ENTIDADE COLETIVA (RLIN)
Nome corporativo ou nome da jurisdição LITERATURA INFANTIL
942 ## - ELEMENTOS DE ENTRADA ADICIONADOS (KOHA)
Tipo de material Koha Livros
Holdings
Situação do descarte Situação das perdas Situação física Não pode ser emprestado Biblioteca de origem Biblioteca atual Data de aquisição Total de empréstimos Número de chamada completo Código de barras Data de último acesso Data do preço efetivo Tipo de material Koha Fonte da classificação ou esquema de arquivamento na estante Nota pública
        Magnum Magnum 08/06/2024   869.0.1346 MAG00075601 08/06/2024 08/06/2024 Livros    
        Novo Tempo - Aureliano São José Novo Tempo - Aureliano São José 08/07/2024     if1013 08/07/2024 08/07/2024 Livros Classificação Decimal de Dewey Q